Arraigo y resistencia : (Registro nro. 3940)

Detalles MARC
000 -LEADER
fixed length control field 01160nam a2200241Ia 4500
003 - CONTROL NUMBER IDENTIFIER
control field OSt
005 - DATE AND TIME OF LATEST TRANSACTION
control field 20200616191430.0
008 - FIXED-LENGTH DATA ELEMENTS--GENERAL INFORMATION
fixed length control field 191128s2015 ck a gr 000 j spa d
020 ## - INTERNATIONAL STANDARD BOOK NUMBER
International Standard Book Number 9789585906884
040 ## - CATALOGING SOURCE
Original cataloging agency CO-JMCR
Transcribing agency CO-JMCR
041 ## - LANGUAGE CODE
Language code of text/sound track or separate title spa
082 04 - DEWEY DECIMAL CLASSIFICATION NUMBER
Classification number H /
Item number RINa
100 1# - MAIN ENTRY--PERSONAL NAME
Personal name Rincón García, John Jairo,
Relator term autor
9 (RLIN) 5666
245 10 - TITLE STATEMENT
Title Arraigo y resistencia :
Remainder of title dignidad campesina en la Región Caribe 1972-2015 /
Statement of responsibility, etc. John Jairo Rincón García, Carmen Andrea Becerra Becerra, Alejandrina Pacheco, Catalina Pérez [y otros 8]
250 ## - EDITION STATEMENT
Edition statement Primera edición
260 ## - PUBLICATION, DISTRIBUTION, ETC.
Place of publication, distribution, etc. Bogotá :
Name of publisher, distributor, etc. Centro de Memoria Histórica,
Date of publication, distribution, etc. 2015
300 ## - PHYSICAL DESCRIPTION
Extent 38 páginas sin númerar :
Other physical details ilustraciones a color ;
Dimensions 22 cm.
490 ## - SERIES STATEMENT
Series statement Dignidad campesina y problema agrario en el Caribe Colombiano
500 ## - GENERAL NOTE
General note Historia ilustrada.
520 ## - SUMMARY, ETC.
Summary, etc. Arraigo y resistencia es un esfuerzo por visibilizar las luchas y procesos sociales de campesinas y campesinos organizados en la región Caribe,a partir de la recreación de sus memorias.Esta experiencia esta basada en dos trabajos de investigación del CNMH
650 ## - SUBJECT ADDED ENTRY--TOPICAL TERM
Topical term or geographic name entry element Historia de la tierra
9 (RLIN) 5667
942 ## - ADDED ENTRY ELEMENTS (KOHA)
Source of classification or shelving scheme Dewey Decimal Classification
Koha item type Books
Existencias
Withdrawn status Lost status Source of classification or shelving scheme Damaged status Not for loan Collection code Home library Current library Date acquired Source of acquisition Cost, normal purchase price Total Checkouts Total Renewals Full call number Barcode Date last seen Date last checked out Copy number Koha item type
    Dewey Decimal Classification     Fiction Biblioteca Pública José María del Castillo y Rada Biblioteca Pública José María del Castillo y Rada 11/28/2019 Donación 0.00 4 2 H / RINa 201808739 08/27/2024 08/27/2024 Ej.1 Books